| 000 | 00430nam a2200169 a 4500 | ||
|---|---|---|---|
| 001 | 0000-8585 | ||
| 003 | ELIB.Books | ||
| 008 | 110520 1952 | ||
| 035 | _a(ELIB.Books)0000-8731 | ||
| 082 |
_a264.1 _bJam |
||
| 100 | _aJames, Francis B. | ||
| 245 | _aThe Way of Prayer | ||
| 260 |
_bLondon: The Epworth Press _c1952 |
||
| 650 | _aPrayer | ||
| 942 |
_2ddc _cBK |
||
| 998 |
_cbat _e2011-05-20 _mcat _u2019-06-29 |
||
| 999 |
_c8585 _d8585 |
||